Communication skills for professionals / (Record no. 56463)

MARC details
000 -LEADER
fixed length control field 00945nam a22002537a 4500
005 - DATE AND TIME OF LATEST TRANSACTION
control field 20110906164841.0
008 - FIXED-LENGTH DATA ELEMENTS--GENERAL INFORMATION
fixed length control field 110906t xxu||||| |||| 00| 0 eng d
010 ## - LCCN (DPL NO)
LC control number ENG-103640
020 ## - INTERNATIONAL STANDARD BOOK NUMBER
International Standard Book Number 9788120344204
Terms of availability 175.00
035 ## - SYSTEM CONTROL NUMBER
System control number EN-87173
037 ## - SOURCE OF ACQUISITION
Source of stock number/acquisition DBAD/PUB
040 ## - CATALOGING SOURCE
Original cataloging agency DPL
082 ## - DEWEY DECIMAL CLASSIFICATION NUMBER
Classification number 485
100 ## - MAIN ENTRY--PERSONAL NAME
Personal name Konar, Nira
9 (RLIN) 34619
245 ## - TITLE STATEMENT
Title Communication skills for professionals /
Statement of responsibility, etc by Nira Konar
250 ## - EDITION STATEMENT
Edition statement 2nd ed
260 ## - PUBLICATION, DISTRIBUTION, ETC. (IMPRINT)
Place of publication, distribution, etc New Delhi
Name of publisher, distributor, etc PHI Learining
Date of publication, distribution, etc 2011
270 ## - ADDRESS
Address M-97, Connaught Circus
City New Delhi
Postal code 110001
300 ## - PHYSICAL DESCRIPTION
Extent xx,204p.
Dimensions 24cm (pbk)
500 ## - GENERAL NOTE
General note Includes bibliographical references and index
942 ## - ADDED ENTRY ELEMENTS (KOHA)
Source of classification or shelving scheme Dewey Decimal Classification
Item type English Books
Call number suffix KON
Classification part 485
Holdings
Withdrawn status Lost status Source of classification or shelving scheme Damaged status Not for loan Collection code Home library Current library Date acquired Source of acquisition Cost, normal purchase price Total Checkouts Full call number Barcode Date last seen Copy number Cost, replacement price Koha item type
    Dewey Decimal Classification   Not For Loan Non-fiction D.B.Act.Division D.B.Act.Division 06/09/2011 DBAD/PUB 175.00   485 KON EN-87173 06/09/2011 1 175.00 English Books

© Delhi Public Library
Hit Counter
free hit counter